000
00212nam a2200085Ia 4500
008
120527s9999 xx 000 0 und d
100
_a
Stewart, et al
245
_a
Precalculus mathematics for calculus
942
_c
BK
999
_c
27868
_d
27868